000 00449nab a2200145Ia 4500
003 ES-SlBCS
005 20210601125737.0
008 140529s2006 xxu||||| |||| 00| 0 eng d
041 _aeng
100 1 _aHudson, Robert G.
_9163661
245 0 4 _aThe Relevance of History to Philosophy of Science
_c Robert G. Hudson
650 0 4 _aFilosofía de la Ciencia
_9129747
773 0 _tTheoria
_gvol. 21/2, nº. 56, 2006, págs. 197-212
_wRev475
942 _cAR
999 _c535244
_d535244